The New Deal - Statistics

General Stats
  • This quiz has been taken 72 times
  • The average score is 10 of 19
Answer Stats
Hint Answer % Correct
built dams to control flooding, generate electricity to rural, created jobs TVA
77%
2.5 million men maintain parks beaches forests(fera) CCC
74%
provided work for 8 million restoring public facilities(Harry Hopkins) WPA
67%
financial aid to not plant part crops to raise crop prices to counter overproduction AAA
64%
big public works project( improved infrastructure) creating many jobs PWA
64%
regulate stock market SEC
62%
funds to local relief; money into public works FERA
59%
minimum wage, set price NRA
56%
Established by NHA to improve housing standards, insure mortgages, stabilize mortgage market FHA
54%
financial security to those who could not support themselves and old age pension SSA
54%
4 day bank inspection: regained confidence in america to put $ in the bank EBA
49%
built up industry prices created NRA NIRA
46%
ensured rights of workers and unions and ensured fair business and labor prices NLRB
38%
also known as the Wagner act it set up the NLRB NLRA
36%
4million to work on infrastructure such as parks airports(fera) CWA
33%
minimum wage, maximum work week FLSA
33%
Loans at low interest to home owners who couldn't pay mortgages HOLC
33%
established the Fed house admin (FHA) NHA
33%
provided electricity to rural homes, power plants and lines, unnatural REA
33%
No matching quizzes found
Score Distribution
Percent of People with Each Score
Percentile by Number Answered
Your Score History
You have not taken this quiz